Μέθοδοι περιβαλλοντικής εκπαίδευσης : παρουσίαση-ανάλυση : μεταπτυχιακή διτριβή
Saved in:
| Main Author: | |
|---|---|
| Corporate Author: | |
| Other Authors: | |
| Format: | Thesis Book |
| Language: | Greek |
| Published: |
Μυτιλήνη :
Πανεπιστήμιο Αιγαίου, Τμήμα Περιβάλλοντος, Μεταπτυχιακό Πρόγραμμα Σπουδών στην Περιβαλλοντική Πολιτική και Διαχείριση,
2000
|
| Subjects: | |
| Online Access: | http://hdl.handle.net/11610/15139 |
| Tags: |
Add Tag
No Tags, Be the first to tag this record!
|
MARC
| LEADER | 00000cam a2200000 i 4500 | ||
|---|---|---|---|
| 001 | 1/16593 | ||
| 008 | 010201s2000 gre d | ||
| 035 | |l 10065828 | ||
| 040 | |a GR-MY-UA |b gre |e aacr | ||
| 041 | 0 | |a gre | |
| 082 | 0 | |a 372.357 |2 (22) | |
| 100 | 1 | |a Πετρενίτη, Βασιλική Α. | |
| 245 | 1 | 0 | |a Μέθοδοι περιβαλλοντικής εκπαίδευσης : |b παρουσίαση-ανάλυση : μεταπτυχιακή διτριβή / |c Βασιλική Α. Πετρενίτη ; επιβλέπουσα Κων/να Τσαμπούκου-Σκαναβή |
| 260 | |a Μυτιλήνη : |b Πανεπιστήμιο Αιγαίου, Τμήμα Περιβάλλοντος, Μεταπτυχιακό Πρόγραμμα Σπουδών στην Περιβαλλοντική Πολιτική και Διαχείριση, |c 2000 | ||
| 300 | |a 55 σ.; |c 30 εκ. | ||
| 502 | # | # | |a Διατριβή (μεταπτυχιακή) – Πανεπιστήμιο Αιγαίου, Λέσβος, 2000. |
| 504 | |a Περιέχει βιβλιογραφία | ||
| 650 | 0 | 0 | |a Environmental education |x Activity programs. |
| 650 | 0 | 0 | |a Environmental education |x Study and teaching. |
| 650 | 0 | 0 | |a Dissertations, Academic |z Greece. |
| 700 | 1 | |a Τσαμπούκου-Σκαναβή, Κωνσταντίνα. |4 ths | |
| 710 | 2 | |a Πανεπιστήμιο Αιγαίου |b Σχολή Περιβάλλοντος |b Τμήμα Περιβάλλοντος |b Πρόγραμμα Μεταπτυχιακών Σπουδών Περιβαλλοντική Πολιτική και Διαχείριση. | |
| 852 | |a INST |b LESVOS |c DIATR |e 20010201 |h 19 |p 005100027229 |q 005100027229 |t MTXE |y 23 | ||
| 852 | |a INST |b LESVOS |c DIATR |e 20010201 |h 20 |p 005100027228 |q 005100027228 |t MTXE |y 23 | ||
| 856 | |u http://hdl.handle.net/11610/15139 | ||
| 901 | |a BIBL1-2001-1 | ||
| 909 | |a Λ |b 085348 | ||
| 909 | |a Λ |b 085349 | ||
| 924 | |a ΠΕΤΡΕΝΙΤΗ |b ΒΑΣΙΛΙΚΗ A. |y ΛΕΣΒΟΣ |z 2001-01 | ||
| 970 | |a ΚΑΜΑΤΣΟΥ |b ΔΕΣΠΟΙΝΑ |z 2001/02/01 | ||